000 00393nam a2200157Ia 4500
005 20250430011626.0
008 240331s9999 xx 000 0 und d
020 _a9558503002
082 _bPOO
_a891
245 0 _aPoolan Devi - 3
260 _aPoogoda
_bGimanee Publishers
_c2001
300 _a132 p .,
500 _aA Book of Poolan Devi
700 _aLeelaratana , Upaali
_eedt
942 _cL
999 _c4883
_d4883